Tratado de historia de las religiones
Պահպանված է:
| Հիմնական հեղինակ: | |
|---|---|
| Ձևաչափ: | Գիրք |
| Լեզու: | իսպաներեն |
| Հրապարակվել է: |
Madrid
Cristiandad
1974
|
| Խորագրեր: | |
| Ցուցիչներ: |
Ավելացրեք ցուցիչ
Չկան պիտակներ, Եղեք առաջինը, ով նշում է այս գրառումը!
|
MARC
| LEADER | 00000nam a2200000 a 4500 | ||
|---|---|---|---|
| 001 | UCL1731 | ||
| 003 | CL-VaPUC | ||
| 008 | 030926e19740000SP |||||||||||||||||spa|d | ||
| 082 | 0 | 4 | |a 291 |b ELI |2 21 |
| 100 | 0 | |a Eliade, Mircea |e author |9 478557 | |
| 245 | 1 | 0 | |a Tratado de historia de las religiones |
| 300 | |a v | ||
| 942 | |c BK | ||
| 945 | |d 20030926 00:00:00 |a vberengu | ||
| 260 | |a Madrid |b Cristiandad |c 1974 | ||
| 650 | 7 | |a RELIGIONES - HISTORIA |2 CL-VaPUC |9 313209 | |
| 583 | |a last modification |c 20030926 00:00:00 |k Rodrigo Vera | ||
| 999 | |c 305172 |d 305170 | ||
| 952 | |0 0 |1 0 |4 0 |6 291_000000000000000_ELI_1974 |7 0 |8 A |9 368268 |a BIBTEO |b BIBTEO |d 2019-11-21 |h v.1 |i 2077760 |o 291 ELI 1974 |p 2077760 |r 2024-01-18 |w 2019-11-21 |y BK |k ICR | ||
| 952 | |0 0 |1 0 |4 0 |6 291_000000000000000_ELI_1974 |7 0 |8 A |9 368269 |a BIBTEO |b BIBTEO |d 2019-11-21 |h v.2 |i 2077779 |o 291 ELI 1974 |p 2077779 |r 2024-01-18 |w 2019-11-21 |y BK |k ICR | ||